Nottingham Panthers roster 2021-2022 - Statistics

General Stats
  • This quiz has been taken 6 times
  • The average score is 14 of 28
Answer Stats
Number or role Player % Correct
Mascot paws
100%
25 Joshua Tetlow
83%
37 Kevin Carr
83%
8 Matthew Myers
83%
14 Jordan Kelsall
67%
17 Kevin Domingue
67%
43 Mathieu Tousignant
67%
24 Aaron Thow
50%
94 Christophe Boivin
50%
40 Edwin Hedberg
50%
13 J.C. Brassard
50%
15 Jeremy Welsh
50%
72 Kevin Massy
50%
20 Mark Matheson
50%
Assistant Coach Mark Matheson
50%
74 Oliver Betteridge
50%
9 Robert Baillargeon
50%
51 Sean Richards
50%
45 (Captain) Stephen Lee
50%
Head Coach (fired in December) Tim Wallace
50%
12 Brady Norrish
33%
Consultant Dave Whistle
33%
6 Jack Hopkins
33%
23 Massimo Carozza
33%
21 Matt Lane
33%
31 William Kerlin
33%
1 James Downie
17%
18 Morgan Clarke-Pizzo
17%
No matching quizzes found
Score Distribution
Percent of People with Each Score
Percentile by Number Answered
Your Score History
You have not taken this quiz